Disney Princes - Statistics

General Stats
  • This quiz has been taken 81 times
  • The average score is 14 of 26
Answer Stats
Princess Prince % Correct
Cinderella Prince Henry/Prince Charming
97%
Belle Prince Adam/The Beast
94%
Jasmine Aladdin/Prince Ali
92%
Ariel Prince Eric
92%
Pocahontas John Smith
86%
Nala Simba
86%
Rapunzel Eugene "Flynn Rider" Fitzherbert
83%
Anna Kristoff
82%
Megara Hercules
77%
Jane Porter Tarzan
75%
Aurora/Briar Rose Prince Philip
72%
Tiana Prince Naveen
71%
Fa Mulan General Li Shang
66%
Maid Marian Robin Hood
57%
Snow White Prince Ferdinand/Prince Florian
40%
Kiara Kovu
37%
Sally Jack Skellington
34%
Nancy Tremaine Prince Edward
34%
Kidagakash "Kida" Nedakh Milo James Thatch
31%
Atta Flik
25%
Giselle Robert Philip
25%
Pocahontas John Rolfe
20%
Eilonwy Taran
20%
Su Yao
17%
Ting-Ting Ling
14%
Mei Chieng-Po
3%
No matching quizzes found
Score Distribution
Percent of People with Each Score
Percentile by Number Answered
Your Score History
You have not taken this quiz